000 00205 a2200097 4500
001 8964
100 _aKupfer G H
245 _aLegends of Greece & Rome
260 _a
_bgeorge & Co
_c
090 _c7154
_d7154
942 _aNUST-CAE
_cM
_c33772
999 _c244037
_d244037